000 01228nam a2200229Ia 4500
001 L830-49602
003 IT-CnALBA
008 170116s9999||||xx |||||||||||||| ||und||
040 _aIT-CnALBA
_cIT-CnALBA
041 _aITALIANO
100 _aFAEDO CIOTTI LUCIA
245 0 _aAORISTO. I RICORDI DEL CUORE. DELICATA RIVISITAZIONE DELL'INFANZIA.
250 _a1a ed.
260 _aFIRENZE
_bL'AUTORE LIBRI
_c1994 [1° Ed.:1994 - Ed.Ling.Originale: 1994]
300 _a40 p.
500 _aMEMORIA DEL PASSATO. MOMENTI DELL'INFANZIA IN LETIZIA. PRIMO DOPOGUERRA. FESTA DI S. LUCIA. BIMBI IN ATTESA DEI DONI DELLA MAMMA. VITA SEMPLICE ALL'ASILO. EVENTO DOLOROSO DELLA MORTE DELLA MADRE. LA TAVOLA. MAESTRA SANTINA. ASILO INFANTILE. LE ROGAZIONI.
501 _aSocietà San Paolo EM - Piazza San Paolo, 14 - 12051 ALBA (CN) (non commercial uses only) ® Copyright 2017
520 _aMEMORIA DEL PASSATO. MOMENTI DELL'INFANZIA IN LETIZIA. PRIMO DOPOGUERRA. FESTA DI S. LUCIA. BIMBI IN ATTESA DEI DONI DELLA MAMMA. VITA SEMPLICE ALL'ASILO. EVENTO DOLOROSO DELLA MORTE DELLA MADRE. LA TAVOLA. MAESTRA SANTINA. ASILO INFANTILE. LE ROGAZIONI.
650 _aLETTERATURA TEDESCA E ALTRE
942 _cBK
957 _71
999 _a56127
_bNO
_g Copie: 1
_c308517
_d308517